| 000 | 01733nam a22004217a 4500 | ||
|---|---|---|---|
| 003 | OSt | ||
| 005 | 20230822110326.0 | ||
| 007 | Texto | ||
| 008 | 140228b xxu||||| |||| 00| 0 eng d | ||
| 020 | _a9788461470334 | ||
| 040 |
_aBIESPA _bspa _cBIESPA |
||
| 041 |
_aspa _nspa |
||
| 082 |
_221 _a342.06 _bC657n |
||
| 100 | _aCobo Olvera Tomás | ||
| 245 |
_aNotificación de los Actos Administrativos y Disposiciones Generales/ _b(Cuestiones prácticas), _cTomás Cobo Olvera |
||
| 260 |
_aMálaga, España: _bFundación Asesores Locales, _c2011 |
||
| 300 |
_a182 páginas _c26 cm. |
||
| 440 | _aEjemplar 0844, Ubicación Derecho Administrativo. | ||
| 500 | _aEscrito en el idioma español. Primera Edición | ||
| 650 |
_2Tesauros _aDerecho Administrativo |
||
| 650 |
_2Tesauros _aAdministración Pública |
||
| 650 |
_2Tesauros _aActos Administrativos-Notificación |
||
| 650 |
_2Tesauros _aEntidades Locales-Disposiciones Reglamentarias |
||
| 650 |
_2Tesauros _aOrdenanzas Fiscales-Públicación |
||
| 650 |
_2Tesauros _aNotificación del Acto Administrativo |
||
| 650 |
_2Tesauros _aSilencio Administrativo |
||
| 650 |
_2Tesauros _aRecursos Administrativos-Incidencia |
||
| 650 |
_2Tesauros _aPoder de Polícia |
||
| 650 |
_2Tesauros _aDerechos Privados |
||
| 650 |
_2Tesauros _aEntidades Centralizadas |
||
| 650 |
_2Tesauros _aLegislación Urbanística |
||
| 650 |
_2Tesauros _aDerecho de Propiedad |
||
| 650 |
_2Tesauros _aPresupuestos-Pretención Procesal |
||
| 650 |
_2Tesauros _aContencioso Administrativo-Legitimación |
||
| 650 |
_2Tesauros _aExpropiación-Utilidad Pública |
||
| 856 |
_uhttp://biespaext.procuraduria-admon.gob.pa/files/original/742b1c270fcdfdbd597d3532dd0e81e2.pdf _yindice |
||
| 942 |
_2ddc _cBK |
||
| 999 |
_c216 _d216 |
||